000 00739nam a2200217 a 4500
008 951213s1984||||[C 0 slo c
020 _c126 Kčs.
_q(25000 výtl.)
040 _aSNK
_bslo
_cSNK
_eAACR2
041 1 _aslo
_hslo
080 _a37(031)
100 1 _aPavlík, Ondrej
_4aut
245 1 0 _aPedagogická encyklopédia Slovenska. 1. zv. A-O
_cOndrej Pavlík ; Ján Roháč, Oto Takáč
250 _a1., vyd.
260 _aBratislava
_bVeda
_c1984
_eBratislava
_fSvornosť
300 _a743 s., 136,66 AH
_bFot.
_c27 cm
500 _aRozlož. tit. list. Vysvetl. a použ. skr. Fareb. príl. a prebal vytl. Tlačiarne SNP, Martin.
700 1 _aRoháč, Ján
_4bkd
700 1 _aTakáč, Oto
_4bkd
044 _axo
_cSK
958 _aA
999 _c19204
_d19204